00626nam a2200205 a 4500001001300000003000900013005001700022008004100039020002300080082001900103100002700122245007900149260004300228300000900271500003500280505003200315650003500347700001900382700001900401nice12345678IN_TiNIC20260116012243.0050524s1990 usaa grp 000 0 eng  a0292225 c42300a915.60415bFAR aFarahani, Mirza Hosayn aShi`ite Pilgrimage to Mecca 1885-1886, the Safarnameh of Mirza Mohd.Hosayn aUSA.bUniversity of Texas Press c1990 a380p aincludes index and biblioraphy2 aBibliography, Index, Illus. aMuslim Pilgrims and Pilgrimage1 aHafez Farmayan1 aElton L Daniel